banner-ar

شفاء السائل لتهذيب المسائل دراسة تحليلية للعلاقة بين السلطان الروحى والسلطان السياسى / (Record no. 49148)

MARC details
000 -الفاتح
حقل البيانات ثابتة الطول 00821nam a2200181Ia 4500
008 - عناصر البيانات ثابتة الطول - معلومات عامة
حقل البيانات ثابتة الطول 140319s9999 xx 000 0 ara d
040 ## - مصدر الفهرسة
وكالة الفهرسة الأصلية GCL /
وكالة النسخ GCL
082 04 - رقم تصنيف ديوى العشرى
رقم التصنيف 260
رقم المادة ا ش
100 1# - المدخل الرئيسى - إسم شخصى
الإسم الشخصى ابويعرب المرزوقى
245 10 - بيان العنوان
العنوان شفاء السائل لتهذيب المسائل دراسة تحليلية للعلاقة بين السلطان الروحى والسلطان السياسى /
بيان المسئوليه,etc ابويعرب المرزوقى
700 1# - المدخل الاضافى - اسم شخصى
الإسم الشخصى ابن خلدون : ولى الدين ابو زيد عبدالرحمن بن محمد بن محمد بن محمد الاشبيلى
490 ## - بيان السلسلة
عنوان السلسلة مصادر الفلسفة
رقم المجلد/ التعيين التسلسلي 0
650 04 - المدخل الاضافى بالموضوع-مصطلح موضوعى
مصطلح موضوعي التصوف الاسلامى
650 04 - المدخل الاضافى بالموضوع-مصطلح موضوعى
مصطلح موضوعي التصوف الاسلامى - مدارس
650 04 - المدخل الاضافى بالموضوع-مصطلح موضوعى
مصطلح موضوعي التصوف - مدرسة وحدة الوجود
942 ## - عناصر المدخل الإضافي( كوها)
مصدر التصنيف او مخطط الترفيف Dewey Decimal Classification
Koha [default] item type كتاب
Holdings
حالة التراجع حالة الفقد حالة تلف ليس للاعارة المكان المؤقت الموقع الحالى تاريخ الاكتساب اجمالي اﻻعارات رقم الطلب الباركود تاريخ اخر مشاهدة تاريخ تفعيل السعر نوع وعاء كوها
        مكتبة القاهرة الكبرى مكتبة القاهرة الكبرى 03/26/2014   260\ا ش 118140 03/26/2014 03/26/2014 كتاب
        مكتبة القاهرة الكبرى مكتبة القاهرة الكبرى 03/26/2014   260\ا ش 118141 03/26/2014 03/26/2014 كتاب

Powered By

EGPV